Statistiken für Alle Pokémon - Galar Formen

Klicken Sie hier um das Quiz zu spielen!

Allgemein

  • Dieses Quiz wurde 14 mal gespielt
  • Das Durchschnittsergebnis liegt bei 13 aus 19

Antwortstatistiken

TypPokémon% Korrekt
Eis / PsychoPantimos
90%
Gift / FeeSmogmog
90%
Eis ❄Flampion
80%
Eis ❄Flampivian
80%
Boden / GeistMakabaja
80%
Psycho / FlugArktos
70%
Geist 👻Corasonn
70%
Psycho / FeeGallopa
70%
Unlicht / FlugLavados
70%
Psycho 🧠Ponita
70%
Kampf / FlugZapdos
70%
Unlicht / NormalGeradaks
60%
Unlicht / NormalZigzachs
60%
Psycho 🧠Flegmon
50%
Boden / StahlFlunschlik
50%
Gift / PsychoLahmus
50%
Gift / PsychoLaschoking
50%
Stahl 🚃Mauzi
50%
Kampf 👊Porenta
40%

Verteilung der Resultate

Perzentil nach korrekt beantworteten Fragen

Anzahl Personen mit jedem Resultat

Ihre Resultats-Entwicklung

Sie haben dieses Quiz noch nicht gespielt